000 00854cam a2200241 4500
001 ABS64206
008 000000n2001 000 0 eng u
035 _a(Sirsi) u113246
245 _aAlternative land use
260 _c2001
490 _aFarm Development Review
_v15(5) May 2001,1-8(9) LOAN
520 _aIncludes articles on the long term sustainability of the premium paid for organic food, landscaping and turf franchises, new developments in the speciality cheese industry, homeopathy courses, and the strengthening of the government business advice scheme.
590 _aABS
650 _aBUSINESS ADVICE
650 _aCHEESE-MAKING
650 _aFARM DIVERSIFICATION
650 _aLANDSCAPING
650 _aORGANIC FARMING
650 _aORGANIC FOOD
650 _aTURF
690 _aRURAL-FARM BUSINESS MANAGEMENT
942 _n0
999 _c67450
_d67450